Paul Mescal Filmography - Statistics

General Stats
  • This quiz has been taken 77 times
    27 since last reset
  • The average score is 7 of 27
Answer Stats
Type Year Name % Correct
Film 2024 Gladiator II
95%
Film 2022 Aftersun
84%
TV Mini-Series 2020 Normal People
74%
Film 2025 Hamnet
68%
Film 2023 All of Us Strangers
53%
Film 2025 The History of Sound
47%
Film 2021 The Lost Daughter
42%
Theater 2022-2025 A Streetcar Named Desire
37%
TV Show 2024 Saturday Night Live
37%
Film 2022 God's Creatures
32%
Film 2023 Foe
26%
Film TBA Merrily We Roll Along
26%
Theater 2018 A Midsummer Night's Dream
16%
Film 2022 Carmen
16%
Music Video 2020 Savior Complex
16%
Theater 2017 The Great Gatsby
16%
Theater 2018 A Portrait of the Artist as a Young Man
11%
Film 2028 George
11%
Music Video 2020 Scarlet
11%
Theater 2017-2018 The Red Shoes
11%
Theater 2018 Asking for It
5%
TV Show 2020 The Deceived
5%
Theater 2020 The Lieutenant of Inishmore
5%
Theater 2018 The Plough and the Stars
5%
TV Show 2019 Bump
0%
Short Film 2020 Drifting
0%
Short Documentary 2024 Who Is Sabato De Sarno? A Gucci Story
0%
No matching quizzes found
Score Distribution
Percent of People with Each Score
Percentile by Number Answered
Your Score History
You have not taken this quiz since the last reset